| 000 | 00660nam a22001935i 4500 | ||
|---|---|---|---|
| 001 | 158819 | ||
| 003 | ES-MaACL | ||
| 005 | 20230906211329.0 | ||
| 008 | 040907s1877 gw |||| | ger d | ||
| 040 |
_aCAM _bspa _cCAM |
||
| 100 | 1 |
_aMarryat, Florence. _9129539 |
|
| 245 | 1 | 2 |
_aA harvest of wild oats _b: a novel / _cby Florence Marryat. |
| 260 |
_aLeipzig : _bBernhard Tauchnitz, _c1877. |
||
| 300 |
_a2 v. (302; 294 p.) ; _c16 cm. |
||
| 490 | 1 |
_aCollection of British Authors ; _v1675; 1676 |
|
| 830 | 0 |
_aCollection of British Authors ; _v1675; 1676 _9180703 |
|
| 852 |
_aES-MaACL _jG-11750 _z-- Enc. hol. _z-- Enc. 2 t. en 1 v. |
||
| 999 |
_c158819 _d158819 |
||